Подробности
| 000 -МАРКЕР |
| контрольное поле |
03279nam0a2200373 4500 |
| 001 - ИДЕНТИФИКАТОР ЗАПИСИ |
| контрольное поле |
RU\NLR\bibl\1257461 |
| 005 - ИДЕНТИФИКАТОР ВЕРСИИ |
| контрольное поле |
20260408202357.0 |
| 021 ## - НОМЕР ГОСУДАРСТВЕННОЙ РЕГИСТРАЦИИ |
| Код страны |
Российская Федерация |
| Номер |
2008-44920 |
| Номер Листа государственной регистраци |
2483 |
| 035 ## - ДРУГИЕ СИСТЕМНЫЕ НОМЕРА |
| Идентификатор записи |
(NLR Aleph) 001243484 |
| 100 ## - ДАННЫЕ ОБЩЕЙ ОБРАБОТКИ |
| Данные общей обработки |
20080731d2008 |||y0rusy50 ca |
| 101 0# - ЯЗЫК РЕСУРСА |
| Язык текста, звукозаписи и т.д. |
русский |
| 102 ## - СТРАНА ПУБЛИКАЦИИ ИЛИ ПРОИЗВОДСТВА |
| Страна публикации |
Российская Федерация |
| 105 ## - ПОЛЕ КОДИРОВАННЫХ ДАННЫХ: ТЕКСТОВЫЕ МАТЕРИАЛЫ, МОНОГРАФИЧЕСКИЕ |
| Кодированные данные о монографическом текстовом документе |
a ||||||||| |
| 200 1# - ЗАГЛАВИЕ И СВЕДЕНИЯ ОБ ОТВЕТСТВЕННОСТИ |
| Основное заглавие |
Опыт разработки компетентностно-ориентированной образовательной программы по направлению подготовки "Металлургия" в Московском институте стали и сплавов |
| Сведения, относящиеся к заглавию |
материалы XVIII Всероссийской научно-методической конференции "Проектирование федеральных государственных образовательных стандартов и образовательных программ высшего профессионального образования на компетентностной основе" |
| Первые сведения об ответственности |
В.П. Соловьев, Ю.А. Крупин, С.Ю. Юрчук [и др.] |
| 210 ## - ПУБЛИКАЦИЯ, РАСПРОСТРАНЕНИЕ И ДР. |
| Место издания, распространения и т.д. |
Москва |
| -- |
Уфа |
| Имя издателя, распространителя и т. д. |
Исследовательский центр проблем качества подготовки специалистов |
| Дата издания, распространения и т.д. |
2008 |
| 215 ## - ФИЗИЧЕСКАЯ ХАРАКТЕРИСТИКА |
| Специфическое обозначение материала и объем |
46 с. |
| Другие сведения о физической характеристике |
ил. |
| Размеры |
21 |
| 225 1# - СЕРИЯ |
| Основное заглавие серии |
Проблемы качества образования |
| 300 ## - ОБЩИЕ ПРИМЕЧАНИЯ |
| Текст примечания |
На 46-й с. авт.: Соловьев В.П., к.т.н., проф., Крупин Ю.А., к.ф.-м.н., доц., Юрчук С.Ю., к.ф.-м.н., доц. |
| 300 ## - ОБЩИЕ ПРИМЕЧАНИЯ |
| Текст примечания |
В надзаг.: М-во образования и науки Рос. Федерации, Федер. агентство по образованию, Исслед. центр проблем качества подгот. специалистов Моск. гос. ин-та стали и сплавов (технол. ун-та), Уфим. гос. авиац. техн. ун-т, Гос. технол. ун-т Моск. ин-т стали и сплавов |
| 320 ## - ПРИМЕЧАНИЯ О НАЛИЧИИ В ДОКУМЕНТЕ БИБЛИОГРАФИИ / УКАЗАТЕЛЯ |
| Текст примечания |
Библиогр.: с. 34-35 (13 назв.) |
| 601 02 - НАИМЕНОВАНИЕ ОРГАНИЗАЦИИ КАК ПРЕДМЕТ |
| Начальный элемент ввода |
Московский институт стали и сплавов |
| Тематический подзаголовок |
Учебные программы |
| -- |
Составление |
| Формальный подзаголовок |
Съезды, совещания и т.п. |
| Идентификатор авторитетной/нормативной записи |
RU\NLR\auth\661499880 |
| Системный номер авторитетной/нормативной записи |
2532336 |
| 606 1# - НАИМЕНОВАНИЕ ТЕМЫ КАК ПРЕДМЕТ |
| Наименование темы |
Инженеры-металлурги |
| Формальный подзаголовок |
Съезды, совещания и т.п. |
| Тематический подзаголовок |
Подготовка |
| Системный номер авторитетной/нормативной записи |
1831183 |
| Идентификатор авторитетной/нормативной записи |
RU\NLR\auth\66828004 |
| 686 1# - ИНДЕКСЫ ДРУГИХ КЛАССИФИКАЦИЙ |
| Индекс |
Ч488.754.121.1я431 |
| 701 #1 - ИМЯ ЛИЦА - АЛЬТЕРНАТИВНАЯ ОТВЕТСТВЕННОСТЬ |
| Код отношения |
Автор |
| Материалы, к которым относится поле |
rus |
| Графика поля |
Кириллица |
| Начальный элемент ввода |
Соловьев |
| Часть имени, кроме начального элемента ввода |
В. П. |
| Дополнения к именам, кроме дат |
канд. техн. наук |
| Даты |
1940- |
| Расширение инициалов личного имени |
Виктор Петрович |
| Идентификатор авторитетной/нормативной записи |
RU\NLR\auth\7771024 |
| Системный номер авторитетной/нормативной записи |
53952 |
| 701 #1 - ИМЯ ЛИЦА - АЛЬТЕРНАТИВНАЯ ОТВЕТСТВЕННОСТЬ |
| Код отношения |
Автор |
| Материалы, к которым относится поле |
rus |
| Графика поля |
Кириллица |
| Начальный элемент ввода |
Крупин |
| Часть имени, кроме начального элемента ввода |
Ю. А. |
| Расширение инициалов личного имени |
Юрий Александрович |
| Идентификатор авторитетной/нормативной записи |
RU\NLR\auth\7771054 |
| Системный номер авторитетной/нормативной записи |
53982 |
| 701 #1 - ИМЯ ЛИЦА - АЛЬТЕРНАТИВНАЯ ОТВЕТСТВЕННОСТЬ |
| Код отношения |
Автор |
| Материалы, к которым относится поле |
rus |
| Графика поля |
Кириллица |
| Начальный элемент ввода |
Юрчук |
| Часть имени, кроме начального элемента ввода |
С. Ю. |
| Расширение инициалов личного имени |
Сергей Юрьевич |
| Идентификатор авторитетной/нормативной записи |
RU\NLR\auth\7771038 |
| Системный номер авторитетной/нормативной записи |
53966 |
| 711 12 - НАИМЕНОВАНИЕ ОРГАНИЗАЦИИ - АЛЬТЕРНАТИВНАЯ ОТВЕТСТВЕННОСТЬ |
| Начальный элемент ввода |
"Проблемы качества образования", всероссийская научно-методическая конференция |
| Порядковый номер временной организации и / или порядковый номер ее части |
18 |
| Дата проведения временной организации |
2008 |
| Место проведения временной организации |
Москва/Уфа |
| Идентификатор авторитетной/нормативной записи |
RU\NLR\AUTH\8810121649 |
| Системный номер авторитетной/нормативной записи |
741418 |
| 801 #0 - ИСТОЧНИК ЗАПИСИ |
| Страна |
Российская Федерация |
| Организация |
NLR |
| Дата составления |
20080731 |
| Правила каталогизации |
RCR |
| 801 #1 - ИСТОЧНИК ЗАПИСИ |
| Страна |
Российская Федерация |
| Организация |
NLR |
| Дата составления |
20080731 |
| 942 ## - ДОПОЛНИТЕЛЬНЫЕ ЭЛЕМЕНТЫ ЗАПИСИ (АБИС) |
| Тип экземпляра АБИС |
Книга |
| 980 ## - КОЛЛЕКЦИЯ |
| Название коллекции |
Национальная библиография |